00702nam a22001817a 4500003000900000008004100009020001800050040007100068082001500139100001800154245003300172260003100205300002600236505017700262650002800439650002200467700003100489AR-CdUCM190320b           ||||| |||| 00| 0 spa d  a0-07-054233-3  aMUNICIPALIDAD PROVINCIAL DEL CUSCOcBIBLIOTECA MUNICIPAL DEL CUSCO  a512 /bR91  aRudin, Walter  aAnálisis real y complejo /  aMadrid :bAlhambra,c1979.  a397 paginas ;c24 cm.  aContenido :Integración abstracta -- Medidas de Borel positiva -- Espacios -- Teoría elemental del espacio de Hilbert -- Ejemplos de técnicos de espacios de Banach ...  aAnálisis matemático  aMatemática pura  aCasal Piga, A. (traductor)